| 000 | 00596cam a22002291 4500 | ||
|---|---|---|---|
| 001 | sa 68005731 | ||
| 003 | DLC | ||
| 005 | 20260227112511.0 | ||
| 008 | 940712s1967 ii 000 0 telo | ||
| 010 | _asa 68005731 | ||
| 025 | _aPL480:I-Te-1653 | ||
| 035 | _a(OCoLC)30753718 | ||
| 040 |
_aDLC _cCU _dCU _dDLC |
||
| 042 | _apremarc | ||
| 050 | 0 | 0 |
_aPL4780.9.R319 _bS7 |
| 100 | 1 |
_aRamarao, Palavajjhala, _d1901- |
|
| 245 | 1 | 0 | _aŚrī Mahāviṣṇu daśāvatāra kathalu. |
| 260 | _c[1967] | ||
| 300 |
_a364 p. _c19 cm. |
||
| 500 | _aIn Telugu. | ||
| 650 | 0 |
_aVishnu (Hindu deity) _vFiction. |
|
| 999 |
_c80915 _d80915 |
||